| 000 | 00442cam a2200181ua 4500 | ||
|---|---|---|---|
| 001 | 14224 | ||
| 008 | 161103n II |||gr||||Z||||||asm | ||
| 040 | _aMAIN | ||
| 041 | _aEnglish | ||
| 082 | _a891.453 ADH | ||
| 100 |
_aMAHESWARI , GOPAL ., _eEDITOR. |
||
| 245 | _aADHUNIK SESTHA HINDI CHUTI GALPA | ||
| 250 | _aRev. | ||
| 260 |
_aCALCUTTA: _bBHUMI PUBLICATION CO. , _c1987. |
||
| 300 |
_a147.: _c20CM. |
||
| 653 | _aGalpa | ||
| 942 | _cBK | ||
| 999 |
_c14111 _d14111 |
||